• 首页
  • 本馆介绍
  • 公告通知
  • 最新文献
  • 馆藏检索
  • 电子资源
  • 读者导购
  • 参考咨询
  • 我的图书馆
  • 登录
  • 详细信息显示
  • 放入我的书架
  • 预约/预借图书
  • 作者相关作品
  • 分类相关作品
  • 丛书相关作品
  • 出版社相关作品

书目信息

  • 表格格式
  • 工作单格式
  • 卡片格式
题名:
实用产科超声检查手册
    
 
作者: 王海燕 , 谷晓芬 编写
分册:  
出版信息: 北京   化学工业出版社  2019
页数: 190页
开本: 21cm
丛书名: 医学精萃系列
单 册:
中图分类: R714.04-62 , R714.04
科图分类:
主题词: 产科病--chan ke bing--超声波诊断--手册
电子资源:
ISBN: 978-7-122-33897-6
000 01357nam 2200313 450
001 1966652659
005 20190709093135.3
010    @a978-7-122-33897-6@dCNY 59.00
099    @aCAL 012019085868
100    @a20190703d2019 em y0chiy50 ea
101 0  @achi
102    @aCN@b110000
105    @aak a 000yy
200 1  @a实用产科超声检查手册@Ashi yong chan ke chao sheng jian cha shou ce@d= Practical obstetric ultrasound examination manual@f王海燕, 谷晓芬编写@zeng
210    @a北京@c化学工业出版社@d2019
215    @a190页@c图@d21cm
225 2  @a医学精萃系列@Ayi xue jing cui xi lie
320    @a有书目 (第187-190页)
330    @a本书由多年在基层一线从事超声检查工作的医师编写,作者深入地了解基层超声筛查工作的特点,编写中体现了由表及里、由浅入深、由宏观到微观的检查思路,通过妊娠不同时期、多胎妊娠、胎儿附属物、妊娠盆腔等的超声表现,结合大量病例,通俗易懂地向读者讲述了产科超声筛查中标准切片的获取、认读,异常的识别。
410  0 @12001 @a医学精萃系列
510 1  @aPractical obstetric ultrasound examination manual@zeng
517 1  @a产科超声检查手册@Achan ke chao sheng jian cha shou ce
606 0  @a产科病@Achan ke bing@x超声波诊断@j手册
690    @aR714.04-62@v5
690    @aR714.04@v4
701  0 @a王海燕@Awang hai yan@4编写
701  0 @a谷晓芬@Agu xiao fen@4编写
801  0 @aCN@bHST@c20190703
905    @aBZT@dR714.04@e1
    
    实用产科超声检查手册= Practical obstetric ultrasound examination manual/王海燕, 谷晓芬编写.-北京:化学工业出版社,2019
    190页:图;21cm.-(医学精萃系列)
    
    
    ISBN 978-7-122-33897-6:CNY 59.00
    本书由多年在基层一线从事超声检查工作的医师编写,作者深入地了解基层超声筛查工作的特点,编写中体现了由表及里、由浅入深、由宏观到微观的检查思路,通过妊娠不同时期、多胎妊娠、胎儿附属物、妊娠盆腔等的超声表现,结合大量病例,通俗易懂地向读者讲述了产科超声筛查中标准切片的获取、认读,异常的识别。
●
相关链接 在五车中查询图书 在当当中查询图书 在豆瓣中查询图书


正题名:实用产科超声检查手册     索取号:R714.04/1         预约/预借

序号 登录号 条形码 馆藏地/架位号 状态 备注
1 869860   2000869860   第二书库/ [索取号:R714.04/1] 在馆    
2 869861   2000869861   第二书库/ [索取号:R714.04/1] 在馆    
3 869862   2000869862   第二书库/ [索取号:R714.04/1] 在馆    
山东省滨州职业学院图书馆 欢迎您!
大连网信软件有限公司© 版权所有